|
|
|
|
| LEADER |
01073nam a2200265 a 4500 |
| 001 |
13847106 |
| 008 |
100222r2005 ne ab b 001 0 eng d |
| 010 |
|
|
|a \\2005001732
|
| 020 |
|
|
|a 1558608346 (alk. paper)
|
| 020 |
|
|
|a 9788131200513
|
| 020 |
|
|
|a 8131200515
|
| 040 |
|
|
|a DLC
|c DLC
|d DLC
|d BD-DhAAL
|
| 082 |
0 |
0 |
|a 004.6
|2 22
|
| 100 |
1 |
|
|a Hofmann, Markus.
|
| 245 |
1 |
0 |
|a Content networking :
|b architecture, protocols, and practice /
|c Markus Hofmann and Leland Beaumont.
|
| 260 |
|
|
|a Amsterdam ;
|a Boston :
|b Morgan Kaufmann ;
|a New Delhi :
|b Elsevier,
|c c2005 [reprinted].
|
| 300 |
|
|
|a xiv, 358 p. :
|b ill., maps ;
|c 25 cm.
|
| 490 |
0 |
|
|a The Morgan Kaufmann series in networking
|
| 504 |
|
|
|a Includes bibliographical references (p. 331-344) and index.
|
| 541 |
1 |
|
|e 00019816
|
| 650 |
|
0 |
|a Computer networks.
|
| 700 |
1 |
|
|a Beaumont, Leland R.
|
| 852 |
4 |
|
|a Ayesha Abed Library
|j General Shelf
|
| 999 |
|
|
|c 7667
|d 7667
|
| 952 |
|
|
|0 0
|1 0
|2 ddc
|4 0
|6 004_600000000000000_HOF_2005
|7 0
|9 8392
|a BRACUL
|b BRACUL
|c GEN
|d 2010-02-22
|l 1
|m 3
|o 004.6 HOF
|p 3010019816
|r 2024-04-17
|s 2024-03-12
|t 1
|w 2010-02-22
|y BK
|